| 000 | 00542nam a22001577a 4500 | ||
|---|---|---|---|
| 999 |
_c19814 _d19814 |
||
| 008 | 240323b ||||| |||| 00| 0 eng d | ||
| 020 | _a0060912103 | ||
| 082 |
_aDC 909.82 _bJ62 1983 |
||
| 100 |
_aJohnson, Paul. _955244 |
||
| 245 |
_aModern times : _bthe world from the twenties to the eughties / _cPaul Johnson. |
||
| 260 |
_aNew York : _bPerennial Library, _c©1983. |
||
| 300 |
_aix, 817 pages : _billustrations ; _c20 cm. |
||
| 500 | _aIncludes bibliography and index. | ||
| 650 |
_aHistory, modern-20th century. _955751 |
||
| 942 |
_2ddc _cDC |
||